[Event "ESTCC 50 2019"]
[Site "Mali Losinj"]
[Date "2019.09.23"]
[Round "6.11"]
[White "Kainz, Josef"]
[Black "Mencinger, Vojko"]
[Result "0-1"]
[WhiteElo "1922"]
[BlackElo "2332"]
[Annotator "TA"]
[PlyCount "82"]
[EventDate "2019.09.18"]
[EventType "team-tourn"]
[EventCountry "CRO"]
[SourceTitle "playchess.com"]
[Source "ChessBase"]
[SourceQuality "1"]
[WhiteTeam "Austria"]
[BlackTeam "Slovenia"]
[WhiteTeamCountry "AUT"]
[BlackTeamCountry "SLO"]

{[%evp 20,82,41,31,61,43,45,0,6,0,1,-14,-24,-11,20,0,0,0,43,20,32,-5,203,202,222,262,251,249,239,233,137,-14,0,-29,-28,-20,-26,-28,45,-143,-156,-144,-136,-192,-195,-201,-185,-237,-231,-396,-280,-404,-287,-387,-400,-397,-398,-429,-429,-540,-496,-525,-506,-552,-530]} 1. d4 Nf6 2. c4 g6 3. g3 Bg7 4. Bg2 O-O 5. Nc3 c5 6. d5 d6 7. Nf3 e6 8. O-O exd5 9. cxd5 a6 10. a4 Nbd7 11. Bf4 Ne8 {A63: Modern Benoni: Fianchetto Variation: 9...Nbd7} (11... Qc7 12. e4 Re8 13. Nd2 Ne5 14. Bxe5 Rxe5 15. Nc4 Re8 16. a5 Bd7 17. Qb3 Ng4 18. Qb6 Qxb6 19. axb6 Bf8 {0-1 (52) Kozul,Z (2612)-Ivanchuk,V (2714) Zagreb 2018}) 12. Qd2 Rb8 13. Rfc1 $146 ({Predecessor:} 13. Rab1 b6 14. b4 Rb7 15. Rfc1 Qe7 16. h3 Rc7 17. Bg5 Nef6 18. Na2 Re8 19. bxc5 Rxc5 {1-0 (33) Sulava,N (2549)-Csom,I (2478) Paks 2000}) 13... b5 $1 {The position is equal.} 14. axb5 axb5 15. Ra7 Qb6 16. Rca1 Bb7 17. Ne4 Ndf6 $1 {[%cal Rf6e4]} 18. Nfg5 $36 {[%mdl 2048] White fights for an advantage.} Nh5 19. Be3 b4 20. Bf3 (20. R1a5 $5 {[%cal Re4c5]} Qd8 21. h4 $14) 20... f5 $2 (20... Nhf6 $11) 21. Nxc5 $1 $18 dxc5 22. Ne6 Rf7 23. Bxc5 Qb5 {[#]} 24. R1a5 $1 {[%cal Ra5b5]} ({Less strong is} 24. Bxb4 Rd7 $14) 24... Qd7 ({Better is} 24... Qc4 $18 25. Ra4 (25. Bxb4 Be5 $16) 25... Bc8 26. Rxf7 Kxf7) 25. Ng5 $2 (25. Qxb4 $16 Bh6 26. Nd4) 25... Bh6 $11 26. Be3 Bxg5 $1 27. Bxg5 Nd6 28. Qxb4 {Bxh5 is the strong threat.} Nc8 ({Black should play} 28... Ng7 $11) 29. Bxh5 $2 (29. R7a6 $1 $14 {was forced to keep a grip.}) 29... Nxa7 $17 30. Bf3 {[#]} Nc8 $1 31. Bf4 (31. Bd2 $17 {was necessary.}) 31... Ra8 $19 32. Rb5 Ra6 33. Rc5 (33. h4 {might work better.}) 33... Nd6 {Strongly threatening ...Ne4!} 34. e3 $2 (34. Qd4) 34... Qe7 35. Kg2 (35. h4 $142) 35... Ne4 36. Rb5 Qxb4 37. Rxb4 Bxd5 38. Be5 Rb7 {Black is clearly winning.} 39. Rd4 Ra5 40. g4 Kf7 41. h4 Ke6 {Accuracy: White = 23%, Black = 46%.} 0-1

[Event "ESTCC 50 2019"]
[Site "Mali Losinj"]
[Date "2019.09.23"]
[Round "6.12"]
[White "Plesec, Damjan"]
[Black "Detter, Peter"]
[Result "1/2-1/2"]
[WhiteElo "2216"]
[BlackElo "1982"]
[Annotator "NA"]
[PlyCount "81"]
[EventDate "2019.09.18"]
[EventType "team-tourn"]
[EventCountry "CRO"]
[SourceTitle "playchess.com"]
[Source "ChessBase"]
[SourceQuality "1"]
[WhiteTeam "Slovenia"]
[BlackTeam "Austria"]
[WhiteTeamCountry "SLO"]
[BlackTeamCountry "AUT"]
[TimeControl "40/5400+30:1800+30"]

1. b3 {[%emt 0:05:30]} d5 {[%emt 0:00:30]} 2. Bb2 {[%emt 0:00:30]} Bg4 {[%emt 0:00:30]} 3. Nf3 {[%emt 0:02:30]} Bxf3 {[%emt 0:00:00]} 4. gxf3 {[%emt 0:00:30]} Nd7 {[%emt 0:06:00]} 5. c4 {[%emt 0:01:30]} e6 {[%emt 0:00:30]} 6. e3 {[%emt 0:03:30]} Ngf6 {[%emt 0:00:30]} 7. Nc3 {[%emt 0:00:30]} c6 {[%emt 0:03:30]} 8. cxd5 {[%emt 0:01:30]} exd5 {[%emt 0:00:30]} 9. Qc2 {[%emt 0:03:30]} Bd6 {[%emt 0:03:30]} 10. Ne2 {[%emt 0:03:30]} Qe7 {[%emt 0:02:30]} 11. Nd4 {[%emt 0:06:30]} g6 {[%emt 0:03:30]} 12. a3 {[%emt 0:01:30]} c5 {[%emt 0:16:30]} 13. Nb5 {[%emt 0:03:30]} Be5 {[%emt 0:04:30]} 14. d4 {[%emt 0:01:30]} cxd4 {[%emt 0:00:30]} 15. Nxd4 {[%emt 0:00:30]} O-O {[%emt 0:02:30]} 16. Be2 {[%emt 0:04:30]} Rac8 {[%emt 0:01:30]} 17. Qd1 {[%emt 0:02:30]} Rfe8 {[%emt 0:08:30]} 18. Rc1 {[%emt 0:09:30]} Rxc1 {[%emt 0:01:30]} 19. Qxc1 {[%emt 0:00:30]} Qc5 {[%emt 0:02:30]} 20. Qxc5 {[%emt 0:08:30]} Nxc5 {[%emt 0:00:30]} 21. f4 {[%emt 0:00:30]} Bb8 {[%emt 0:02:30]} 22. Bb5 {[%emt 0:02:30]} Ncd7 {[%emt 0:05:30]} 23. O-O {[%emt 0:03:30]} a6 {[%emt 0:01:30]} 24. Be2 {[%emt 0:01:30]} Rc8 {[%emt 0:01:30]} 25. Rd1 {[%emt 0:07:30]} Ne4 {[%emt 0:04:30]} 26. Kf1 {[%emt 0:00:00]} Ba7 {[%emt 0:02:30]} 27. Bd3 {[%emt 0:02:00]} Ndc5 {[%emt 0:04:30]} 28. Bb1 {[%emt 0:01:30]} Re8 {[%emt 0:01:30]} 29. Ba2 {[%emt 0:03:30]} Ne6 {[%emt 0:02:43]} 30. Nf3 {[%emt 0:01:15]} d4 {[%emt 0:01:22]} 31. Nxd4 {[%emt 0:01:48]} Bxd4 {[%emt 0:00:50]} 32. Bxd4 {[%emt 0:06:38]} Nxd4 {[%emt 0:00:09]} 33. Rxd4 {[%emt 0:00:05]} Nc3 {[%emt 0:00:11]} 34. Rd2 {[%emt 0:00:04]} Kg7 {[%emt 0:05:17]} 35. Ke1 {[%emt 0:00:47]} Rc8 {[%emt 0:01:15]} 36. Rc2 {[%emt 0:01:10]} Rc6 {[%emt 0:00:05]} 37. b4 {[%emt 0:02:57]} Nxa2 {[%emt 0:00:11]} 38. Rxa2 {[%emt 0:00:06]} Rc1+ {[%emt 0:02:03]} 39. Ke2 {[%emt 0:00:10]} Rh1 {[%emt 0:00:14]} 40. b5 {[%emt 0:03:34]} Rxh2 {[%emt 0:03:26]} 41. bxa6 {[%emt 0:36:35]} 1/2-1/2

[Event "ESTCC 50 2019"]
[Site "Mali Losinj"]
[Date "2019.09.23"]
[Round "6.13"]
[White "Ledger, Andrew J"]
[Black "Wallace, Paul"]
[Result "1-0"]
[WhiteElo "2343"]
[BlackElo "2153"]
[Annotator "NA"]
[PlyCount "61"]
[EventDate "2019.09.18"]
[EventType "team-tourn"]
[EventCountry "CRO"]
[SourceTitle "playchess.com"]
[Source "ChessBase"]
[SourceQuality "1"]
[WhiteTeam "England"]
[BlackTeam "Ireland"]
[WhiteTeamCountry "ENG"]
[BlackTeamCountry "AUS"]
[TimeControl "40/5400+30:1800+30"]

1. d4 {[%emt 0:00:30]} Nf6 {[%emt 0:00:30]} 2. c4 {[%emt 0:00:00]} g6 {[%emt 0:00:00]} 3. Nc3 {[%emt 0:00:00]} Bg7 {[%emt 0:00:00]} 4. e4 {[%emt 0:00:30]} d6 {[%emt 0:00:00]} 5. f3 {[%emt 0:00:30]} O-O {[%emt 0:00:00]} 6. Bg5 {[%emt 0:00:00]} c5 {[%emt 0:03:30]} 7. d5 {[%emt 0:00:00]} a6 {[%emt 0:00:30]} 8. a4 {[%emt 0:02:30]} Nbd7 {[%emt 0:16:30]} 9. Nh3 {[%emt 0:05:30]} Re8 {[%emt 0:03:30]} 10. Be2 {[%emt 0:02:30]} h6 {[%emt 0:04:30]} 11. Be3 {[%emt 0:01:30]} Ne5 {[%emt 0:04:30]} 12. Nf2 {[%emt 0:00:30]} e6 {[%emt 0:00:30]} 13. Qd2 {[%emt 0:05:30]} exd5 {[%emt 0:00:30]} 14. cxd5 {[%emt 0:00:30]} h5 {[%emt 0:01:30]} 15. h3 {[%emt 0:07:30]} Qe7 {[%emt 0:08:30]} 16. O-O {[%emt 0:02:30]} Nh7 {[%emt 0:01:30]} 17. f4 {[%emt 0:12:30]} Nd7 {[%emt 0:00:30]} 18. Rae1 {[%emt 0:01:30]} Rb8 {[%emt 0:04:30]} 19. Bd3 {[%emt 0:05:30]} Qf8 {[%emt 0:03:30]} 20. e5 {[%emt 0:05:30]} dxe5 {[%emt 0:10:30]} 21. f5 {[%emt 0:00:30]} gxf5 {[%emt 0:01:30]} 22. Bxf5 {[%emt 0:00:30]} Nhf6 {[%emt 0:01:30]} 23. Nfe4 {[%emt 0:04:30]} b5 {[%emt 0:08:30]} 24. Qe2 {[%emt 0:16:30]} bxa4 {[%emt 0:09:28]} 25. Bxd7 {[%emt 0:08:03]} Nxd7 {[%emt 0:00:06]} 26. Qxh5 {[%emt 0:00:50]} Qe7 {[%emt 0:05:21]} 27. Ng5 {[%emt 0:04:42]} Nf6 {[%emt 0:06:23]} 28. Rxf6 {[%emt 0:00:14]} Bxf6 {[%emt 0:00:32]} 29. Qh7+ {[%emt 0:00:27]} Kf8 {[%emt 0:00:04]} 30. Nce4 {[%emt 0:03:18]} Rb5 {[%emt 0:01:19]} 31. d6 {[%emt 0:01:19]} 1-0

[Event "ESTCC 50 2019"]
[Site "Mali Losinj"]
[Date "2019.09.23"]
[Round "6.14"]
[White "Fox, Anthony"]
[Black "Lewis, Andrew P"]
[Result "1/2-1/2"]
[WhiteElo "2023"]
[BlackElo "2294"]
[Annotator "NA"]
[PlyCount "96"]
[EventDate "2019.09.18"]
[EventType "team-tourn"]
[EventCountry "CRO"]
[SourceTitle "playchess.com"]
[Source "ChessBase"]
[SourceQuality "1"]
[WhiteTeam "Ireland"]
[BlackTeam "England"]
[WhiteTeamCountry "IRL"]
[BlackTeamCountry "ENG"]
[TimeControl "40/5400+30:1800+30"]

1. e4 {[%emt 0:00:30]} c5 {[%emt 0:00:30]} 2. Nc3 {[%emt 0:00:00]} a6 {[%emt 0:00:30]} 3. a4 {[%emt 0:00:00]} Nc6 {[%emt 0:00:30]} 4. g3 {[%emt 0:00:30]} g6 {[%emt 0:00:30]} 5. Bg2 {[%emt 0:00:00]} Bg7 {[%emt 0:00:30]} 6. d3 {[%emt 0:00:00]} d6 {[%emt 0:00:30]} 7. Be3 {[%emt 0:02:30]} e6 {[%emt 0:01:30]} 8. Nge2 {[%emt 0:03:30]} Nd4 {[%emt 0:01:30]} 9. O-O {[%emt 0:01:30]} Ne7 {[%emt 0:00:30]} 10. Qd2 {[%emt 0:01:30]} O-O {[%emt 0:01:30]} 11. Nd1 {[%emt 0:07:30]} b6 {[%emt 0:15:30]} 12. Nc1 {[%emt 0:01:30]} d5 {[%emt 0:02:30]} 13. c3 {[%emt 0:01:30]} Ndc6 {[%emt 0:00:30]} 14. exd5 {[%emt 0:08:30]} Nxd5 {[%emt 0:03:30]} 15. Bh6 {[%emt 0:02:30]} Bxh6 {[%emt 0:01:30]} 16. Qxh6 {[%emt 0:00:30]} Ra7 {[%emt 0:00:30]} 17. Ne3 {[%emt 0:04:30]} Nce7 {[%emt 0:04:30]} 18. Nxd5 {[%emt 0:02:30]} Nxd5 {[%emt 0:05:30]} 19. Nb3 {[%emt 0:09:30]} a5 {[%emt 0:09:30]} 20. d4 {[%emt 0:05:30]} Ba6 {[%emt 0:04:30]} 21. Rfe1 {[%emt 0:11:30]} Rc7 {[%emt 0:10:30]} 22. dxc5 {[%emt 0:06:30]} bxc5 {[%emt 0:00:30]} 23. Rad1 {[%emt 0:02:30]} Qb8 {[%emt 0:09:30]} 24. Nd2 {[%emt 0:03:30]} Nf6 {[%emt 0:10:52]} 25. Qf4 {[%emt 0:07:26]} Kg7 {[%emt 0:05:39]} 26. Ne4 {[%emt 0:01:25]} Nxe4 {[%emt 0:00:48]} 27. Bxe4 {[%emt 0:01:45]} Ra7 {[%emt 0:01:51]} 28. Qe3 {[%emt 0:03:14]} Rc8 {[%emt 0:02:28]} 29. h4 {[%emt 0:01:05]} h5 {[%emt 0:02:14]} 30. Rd2 {[%emt 0:04:08]} Qb3 {[%emt 0:01:51]} 31. Bf3 {[%emt 0:02:20]} Qxa4 {[%emt 0:00:58]} 32. Red1 {[%emt 0:01:43]} Qe8 {[%emt 0:00:53]} 33. Bxh5 {[%emt 0:01:56]} Qe7 {[%emt 0:01:09]} 34. Bf3 {[%emt 0:00:22]} Qf6 {[%emt 0:00:54]} 35. Kg2 {[%emt 0:01:44]} Bb7 {[%emt 0:01:12]} 36. Rd7 {[%emt 0:00:05]} Bxf3+ {[%emt 0:00:00]} 37. Qxf3 {[%emt 0:00:58]} Rxd7 {[%emt 0:00:44]} 38. Rxd7 {[%emt 0:00:30]} Qxf3+ {[%emt 0:00:36]} 39. Kxf3 {[%emt 0:00:39]} Rb8 {[%emt 0:00:13]} 40. Ra7 {[%emt 0:00:31]} Rb5 {[%emt 0:00:00]} 41. Ke3 {[%emt 0:02:39]} c4 {[%emt 0:06:38]} 42. Rc7 {[%emt 0:00:30]} Rxb2 {[%emt 0:07:59]} 43. Rxc4 {[%emt 0:00:30]} Ra2 {[%emt 0:00:07]} 44. Rc7 {[%emt 0:00:30]} a4 {[%emt 0:00:18]} 45. Ra7 {[%emt 0:01:30]} a3 {[%emt 0:00:23]} 46. c4 {[%emt 0:00:30]} Ra1 {[%emt 0:05:40]} 47. c5 {[%emt 0:01:30]} a2 {[%emt 0:01:18]} 48. Kf3 {[%emt 0:00:30]} Rc1 {[%emt 0:03:20]} 1/2-1/2

[Event "ESTCC 50 2019"]
[Site "Mali Losinj"]
[Date "2019.09.23"]
[Round "6.15"]
[White "Ledger, Dave J"]
[Black "Cafolla, Peter"]
[Result "1-0"]
[WhiteElo "2134"]
[BlackElo "1919"]
[Annotator "NA"]
[PlyCount "111"]
[EventDate "2019.09.18"]
[EventType "team-tourn"]
[EventCountry "CRO"]
[SourceTitle "playchess.com"]
[Source "ChessBase"]
[SourceQuality "1"]
[WhiteTeam "England"]
[BlackTeam "Ireland"]
[WhiteTeamCountry "ENG"]
[BlackTeamCountry "IRL"]
[TimeControl "40/5400+30:1800+30"]

1. e4 {[%emt 0:00:30]} c5 {[%emt 0:02:30]} 2. Nf3 {[%emt 0:01:30]} Nc6 {[%emt 0:00:30]} 3. d4 {[%emt 0:00:00]} cxd4 {[%emt 0:00:00]} 4. Nxd4 {[%emt 0:00:00]} Nf6 {[%emt 0:00:00]} 5. Nc3 {[%emt 0:00:30]} e5 {[%emt 0:00:30]} 6. Ndb5 {[%emt 0:00:30]} d6 {[%emt 0:00:30]} 7. Nd5 {[%emt 0:01:30]} Nxd5 {[%emt 0:00:30]} 8. exd5 {[%emt 0:00:00]} Nb8 {[%emt 0:00:30]} 9. a4 {[%emt 0:01:00]} a6 {[%emt 0:00:30]} 10. Na3 {[%emt 0:00:30]} Be7 {[%emt 0:02:30]} 11. Nc4 {[%emt 0:02:30]} b6 {[%emt 0:04:30]} 12. Be2 {[%emt 0:06:30]} O-O {[%emt 0:00:30]} 13. O-O {[%emt 0:02:30]} Nd7 {[%emt 0:04:30]} 14. f4 {[%emt 0:07:30]} f5 {[%emt 0:02:30]} 15. Be3 {[%emt 0:05:30]} Rb8 {[%emt 0:03:30]} 16. b4 {[%emt 0:04:30]} Kh8 {[%emt 0:03:30]} 17. Qd2 {[%emt 0:07:30]} Qc7 {[%emt 0:07:30]} 18. Rad1 {[%emt 0:05:30]} Bf6 {[%emt 0:09:30]} 19. fxe5 {[%emt 0:10:30]} Nxe5 {[%emt 0:00:30]} 20. Nxe5 {[%emt 0:01:30]} Bxe5 {[%emt 0:01:30]} 21. c4 {[%emt 0:00:30]} a5 {[%emt 0:03:30]} 22. Rb1 {[%emt 0:11:30]} Bd7 {[%emt 0:01:30]} 23. g3 {[%emt 0:02:30]} Qd8 {[%emt 0:16:30]} 24. c5 {[%emt 0:07:38]} dxc5 {[%emt 0:03:30]} 25. bxc5 {[%emt 0:00:23]} bxc5 {[%emt 0:03:30]} 26. Bxc5 {[%emt 0:00:29]} Re8 {[%emt 0:03:30]} 27. Bh5 {[%emt 0:07:11]} g6 {[%emt 0:00:30]} 28. Bf3 {[%emt 0:02:09]} Bxa4 {[%emt 0:06:34]} 29. Bd4 {[%emt 0:02:10]} Qf6 {[%emt 0:01:15]} 30. Bxe5 {[%emt 0:01:44]} Qxe5 {[%emt 0:00:17]} 31. Rxb8 {[%emt 0:00:39]} Rxb8 {[%emt 0:01:44]} 32. Re1 {[%emt 0:02:30]} Qb2 {[%emt 0:02:12]} 33. Qxa5 {[%emt 0:01:39]} Qb6+ {[%emt 0:00:23]} 34. Qxb6 {[%emt 0:00:06]} Rxb6 {[%emt 0:00:05]} 35. Re7 {[%emt 0:01:41]} Rd6 {[%emt 0:00:51]} 36. Rb7 {[%emt 0:00:38]} Bc2 {[%emt 0:01:44]} 37. Kf2 {[%emt 0:00:26]} h5 {[%emt 0:04:05]} 38. Ke3 {[%emt 0:01:01]} g5 {[%emt 0:00:56]} 39. Kd4 {[%emt 0:00:32]} Kg8 {[%emt 0:00:52]} 40. Ke5 {[%emt 0:00:33]} Rd8 {[%emt 0:00:56]} 41. Rc7 {[%emt 0:32:49]} Re8+ {[%emt 0:02:06]} 42. Kf6 {[%emt 0:00:00]} Be4 {[%emt 0:00:00]} 43. Bxh5 {[%emt 0:00:00]} Rf8+ {[%emt 0:05:00]} 44. Bf7+ {[%emt 0:00:00]} Kh8 {[%emt 0:00:30]} 45. Kxg5 {[%emt 0:00:00]} f4 {[%emt 0:01:30]} 46. gxf4 {[%emt 0:00:00]} Bxd5 {[%emt 0:00:30]} 47. Bg6 {[%emt 0:00:00]} Bg8 {[%emt 0:03:30]} 48. f5 {[%emt 0:00:00]} Ra8 {[%emt 0:00:30]} 49. h4 {[%emt 0:00:00]} Rb8 {[%emt 0:02:30]} 50. f6 {[%emt 0:00:00]} Bd5 {[%emt 0:08:37]} 51. Rh7+ {[%emt 0:00:00]} Kg8 {[%emt 0:00:23]} 52. f7+ {[%emt 0:00:00]} Bxf7 {[%emt 0:00:30]} 53. Rxf7 {[%emt 0:00:00]} Rd8 {[%emt 0:00:45]} 54. Kh6 {[%emt 0:00:00]} Rf8 {[%emt 0:03:34]} 55. Rxf8+ {[%emt 0:00:00]} Kxf8 {[%emt 0:00:12]} 56. Kh7 {[%emt 0:00:00]} 1-0

[Event "ESTCC 50 2019"]
[Site "Mali Losinj"]
[Date "2019.09.23"]
[Round "6.16"]
[White "Lyons, Brendan"]
[Black "Ledger, Stephen C"]
[Result "1/2-1/2"]
[WhiteElo "1971"]
[BlackElo "2000"]
[Annotator "NA"]
[PlyCount "69"]
[EventDate "2019.09.18"]
[EventType "team-tourn"]
[EventCountry "CRO"]
[SourceTitle "playchess.com"]
[Source "ChessBase"]
[SourceQuality "1"]
[WhiteTeam "Ireland"]
[BlackTeam "England"]
[WhiteTeamCountry "IRL"]
[BlackTeamCountry "ENG"]
[TimeControl "40/5400+30:1800+30"]

1. e4 {[%emt 0:00:30]} c5 {[%emt 0:00:30]} 2. Nf3 {[%emt 0:00:00]} Nc6 {[%emt 0:00:00]} 3. d3 {[%emt 0:00:00]} g6 {[%emt 0:02:00]} 4. g3 {[%emt 0:00:30]} Bg7 {[%emt 0:00:30]} 5. Bg2 {[%emt 0:00:30]} d6 {[%emt 0:01:30]} 6. O-O {[%emt 0:00:00]} e5 {[%emt 0:01:30]} 7. c3 {[%emt 0:00:00]} Nge7 {[%emt 0:00:30]} 8. a3 {[%emt 0:01:30]} O-O {[%emt 0:02:30]} 9. b4 {[%emt 0:00:30]} h6 {[%emt 0:06:30]} 10. Nbd2 {[%emt 0:00:00]} Be6 {[%emt 0:04:30]} 11. Nb3 {[%emt 0:02:00]} b6 {[%emt 0:13:30]} 12. Bb2 {[%emt 0:11:30]} Rc8 {[%emt 0:22:30]} 13. b5 {[%emt 0:07:30]} Nb8 {[%emt 0:04:30]} 14. Nfd2 {[%emt 0:14:30]} Qd7 {[%emt 0:03:30]} 15. a4 {[%emt 0:00:30]} f5 {[%emt 0:01:30]} 16. f4 {[%emt 0:05:30]} exf4 {[%emt 0:05:30]} 17. gxf4 {[%emt 0:01:30]} fxe4 {[%emt 0:02:30]} 18. dxe4 {[%emt 0:04:30]} d5 {[%emt 0:01:30]} 19. Nc1 {[%emt 0:17:30]} Rcd8 {[%emt 0:04:30]} 20. Qe1 {[%emt 0:05:30]} d4 {[%emt 0:04:56]} 21. c4 {[%emt 0:04:30]} Nc8 {[%emt 0:06:16]} 22. Nd3 {[%emt 0:01:30]} Nd6 {[%emt 0:00:44]} 23. Rc1 {[%emt 0:01:30]} Bh3 {[%emt 0:03:10]} 24. Qg3 {[%emt 0:03:01]} Bxg2 {[%emt 0:00:24]} 25. Qxg2 {[%emt 0:01:00]} Qe6 {[%emt 0:01:18]} 26. Rf3 {[%emt 0:06:01]} Kh7 {[%emt 0:01:35]} 27. Rg3 {[%emt 0:01:07]} Rf7 {[%emt 0:01:24]} 28. Rh3 {[%emt 0:03:29]} Nd7 {[%emt 0:01:11]} 29. Nf3 {[%emt 0:01:41]} Kg8 {[%emt 0:00:42]} 30. Nd2 {[%emt 0:00:47]} Nf8 {[%emt 0:01:06]} 31. e5 {[%emt 0:02:52]} Nf5 {[%emt 0:00:40]} 32. Ne4 {[%emt 0:01:20]} Ne3 {[%emt 0:00:19]} 33. Qg3 {[%emt 0:01:35]} Nf5 {[%emt 0:00:43]} 34. Qg2 {[%emt 0:00:11]} Ne3 {[%emt 0:00:37]} 35. Qg3 {[%emt 0:00:06]} 1/2-1/2

[Event "ESTCC 50 2019"]
[Site "Mali Losinj"]
[Date "2019.09.23"]
[Round "6.17"]
[White "Burchardt, Brigitte"]
[Black "Pastor Alonso De Prado, Alberto"]
[Result "1/2-1/2"]
[WhiteElo "2092"]
[BlackElo "2010"]
[Annotator "NA"]
[PlyCount "78"]
[EventDate "2019.09.18"]
[EventType "team-tourn"]
[EventCountry "CRO"]
[SourceTitle "playchess.com"]
[Source "ChessBase"]
[SourceQuality "1"]
[WhiteTeam "Germany"]
[BlackTeam "Spain"]
[WhiteTeamCountry "GER"]
[BlackTeamCountry "ESP"]
[TimeControl "40/5400+30:1800+30"]

1. e4 {[%emt 0:00:30]} d6 {[%emt 0:00:30]} 2. d4 {[%emt 0:00:00]} Nf6 {[%emt 0:00:30]} 3. Bd3 {[%emt 0:01:00]} e5 {[%emt 0:00:30]} 4. Nf3 {[%emt 0:10:30]} Nbd7 {[%emt 0:00:30]} 5. c3 {[%emt 0:01:30]} Be7 {[%emt 0:01:30]} 6. O-O {[%emt 0:02:30]} O-O {[%emt 0:00:30]} 7. Nbd2 {[%emt 0:01:30]} c6 {[%emt 0:00:30]} 8. Qe2 {[%emt 0:03:30]} Re8 {[%emt 0:07:30]} 9. dxe5 {[%emt 0:03:30]} dxe5 {[%emt 0:02:30]} 10. Bc4 {[%emt 0:01:30]} h6 {[%emt 0:04:30]} 11. Rd1 {[%emt 0:02:30]} Qc7 {[%emt 0:02:30]} 12. b4 {[%emt 0:05:30]} b5 {[%emt 0:07:30]} 13. Bb3 {[%emt 0:01:30]} a5 {[%emt 0:00:30]} 14. bxa5 {[%emt 0:05:30]} Rxa5 {[%emt 0:00:30]} 15. c4 {[%emt 0:02:30]} Bc5 {[%emt 0:11:30]} 16. Nf1 {[%emt 0:09:30]} b4 {[%emt 0:08:30]} 17. h3 {[%emt 0:13:30]} Nf8 {[%emt 0:02:30]} 18. Ng3 {[%emt 0:08:30]} Ne6 {[%emt 0:04:30]} 19. Bb2 {[%emt 0:05:38]} Nd7 {[%emt 0:02:30]} 20. Qd2 {[%emt 0:03:56]} Bf8 {[%emt 0:03:30]} 21. Nf5 {[%emt 0:04:03]} Nec5 {[%emt 0:04:30]} 22. Nd6 {[%emt 0:05:20]} Bxd6 {[%emt 0:03:30]} 23. Qxd6 {[%emt 0:00:03]} Qxd6 {[%emt 0:06:30]} 24. Rxd6 {[%emt 0:00:02]} Ra6 {[%emt 0:00:00]} 25. Rad1 {[%emt 0:00:56]} f6 {[%emt 0:00:00]} 26. Ne1 {[%emt 0:01:38]} Nxb3 {[%emt 0:00:30]} 27. axb3 {[%emt 0:00:05]} Nc5 {[%emt 0:00:30]} 28. Rd8 {[%emt 0:02:03]} Kf7 {[%emt 0:00:00]} 29. Rxe8 {[%emt 0:00:03]} Kxe8 {[%emt 0:00:00]} 30. Nd3 {[%emt 0:00:37]} Nxe4 {[%emt 0:03:30]} 31. Nxb4 {[%emt 0:00:06]} Rb6 {[%emt 0:00:00]} 32. Ba3 {[%emt 0:00:26]} c5 {[%emt 0:00:00]} 33. Nd3 {[%emt 0:01:13]} Nc3 {[%emt 0:02:30]} 34. Ra1 {[%emt 0:00:46]} Rxb3 {[%emt 0:02:30]} 35. Nxc5 {[%emt 0:00:04]} Rb8 {[%emt 0:00:30]} 36. Kf1 {[%emt 0:00:43]} Bf5 {[%emt 0:03:11]} 37. Ke1 {[%emt 0:00:48]} Ne4 {[%emt 0:01:22]} 38. Nxe4 {[%emt 0:02:18]} Bxe4 {[%emt 0:00:10]} 39. Bd6 {[%emt 0:00:16]} Ra8 {[%emt 0:02:55]} 1/2-1/2

[Event "ESTCC 50 2019"]
[Site "Mali Losinj"]
[Date "2019.09.23"]
[Round "6.18"]
[White "Ruiz Bellon, Manuel"]
[Black "Wagner-Michel, Annett"]
[Result "1-0"]
[WhiteElo "1973"]
[BlackElo "2055"]
[Annotator "NA"]
[PlyCount "75"]
[EventDate "2019.09.18"]
[EventType "team-tourn"]
[EventCountry "CRO"]
[SourceTitle "playchess.com"]
[Source "ChessBase"]
[SourceQuality "1"]
[WhiteTeam "Spain"]
[BlackTeam "Germany"]
[WhiteTeamCountry "ESP"]
[BlackTeamCountry "GER"]
[TimeControl "40/5400+30:1800+30"]

1. Nf3 {[%emt 0:00:30]} c5 {[%emt 0:00:30]} 2. g3 {[%emt 0:00:00]} d5 {[%emt 0:00:00]} 3. c4 {[%emt 0:00:00]} d4 {[%emt 0:01:00]} 4. d3 {[%emt 0:00:30]} Nc6 {[%emt 0:00:30]} 5. Bg2 {[%emt 0:00:30]} e5 {[%emt 0:00:30]} 6. O-O {[%emt 0:01:30]} Be7 {[%emt 0:03:30]} 7. e3 {[%emt 0:00:30]} Nf6 {[%emt 0:10:30]} 8. exd4 {[%emt 0:00:00]} cxd4 {[%emt 0:00:30]} 9. Re1 {[%emt 0:02:00]} Nd7 {[%emt 0:01:30]} 10. a3 {[%emt 0:04:30]} a5 {[%emt 0:01:30]} 11. Nbd2 {[%emt 0:15:30]} O-O {[%emt 0:03:30]} 12. Ne4 {[%emt 0:05:30]} h6 {[%emt 0:02:30]} 13. Qc2 {[%emt 0:07:30]} Qc7 {[%emt 0:23:30]} 14. Rb1 {[%emt 0:14:30]} Kh8 {[%emt 0:08:30]} 15. c5 {[%emt 0:07:30]} f5 {[%emt 0:10:30]} 16. Nd6 {[%emt 0:00:30]} Bxd6 {[%emt 0:02:30]} 17. cxd6 {[%emt 0:00:30]} Qxd6 {[%emt 0:00:30]} 18. Bd2 {[%emt 0:03:30]} Ra6 {[%emt 0:07:30]} 19. Rbc1 {[%emt 0:03:30]} Re8 {[%emt 0:06:48]} 20. Nh4 {[%emt 0:04:30]} Nf6 {[%emt 0:01:40]} 21. Qc5 {[%emt 0:04:30]} Qxc5 {[%emt 0:02:59]} 22. Rxc5 {[%emt 0:00:30]} Nd7 {[%emt 0:01:43]} 23. Rd5 {[%emt 0:02:30]} Ne7 {[%emt 0:00:56]} 24. Rxa5 {[%emt 0:00:30]} Rxa5 {[%emt 0:00:46]} 25. Bxa5 {[%emt 0:00:30]} g5 {[%emt 0:00:35]} 26. Nf3 {[%emt 0:01:30]} Nc6 {[%emt 0:00:11]} 27. Bc7 {[%emt 0:02:11]} e4 {[%emt 0:02:22]} 28. Nd2 {[%emt 0:00:44]} e3 {[%emt 0:00:32]} 29. fxe3 {[%emt 0:01:25]} Rxe3 {[%emt 0:01:08]} 30. Rxe3 {[%emt 0:00:45]} dxe3 {[%emt 0:00:02]} 31. Nc4 {[%emt 0:00:33]} Nc5 {[%emt 0:00:54]} 32. d4 {[%emt 0:03:21]} Nd3 {[%emt 0:00:05]} 33. Nxe3 {[%emt 0:03:05]} Nxd4 {[%emt 0:01:34]} 34. Bb6 {[%emt 0:03:49]} Nc6 {[%emt 0:01:38]} 35. Nc4 {[%emt 0:00:55]} Kh7 {[%emt 0:01:17]} 36. Nd6 {[%emt 0:01:25]} Bd7 {[%emt 0:00:26]} 37. b4 {[%emt 0:00:27]} f4 {[%emt 0:00:51]} 38. Be4+ {[%emt 0:00:22]} 1-0